MARC

LEADER 00000nam0a2200000 4500
001 50290
005 20231031032817.0
035 |a (RuTPU)RU\TPU\book\52667 
090 |a 50290 
100 |a 20030414d1976 k y0rusy50 ca 
101 0 |a rus 
102 |a RU 
105 |a a z 001zy 
200 1 |a Научная организация машиностроительного производства  |f С. П. Митрофанов 
205 |a 2-е изд., доп. и перераб. 
210 |a Ленинград  |c Машиностроение  |d 1976 
215 |a 711 с.  |c ил. 
320 |a Библиогр.: с. 707-708 
610 1 |a машиностроение 
610 1 |a машиностроительное производство 
610 1 |a АСУП 
610 1 |a технологические процессы 
610 1 |a детали 
610 1 |a вычислительные машины 
610 1 |a ЭВМ 
610 1 |a нормирование 
610 1 |a планирование 
610 1 |a штамповка 
610 1 |a обработка 
610 1 |a фрезерные станки 
610 1 |a агрегатные станки 
675 |a 621.002.001  |v 3 
700 1 |a Митрофанов  |b С. П.  |g Сергей Петрович 
801 1 |a RU  |b 63413507  |c 20030414  |g PSBO 
801 2 |a RU  |b 63413507  |c 20211214  |g PSBO 
942 |c BK